000 00256nam a2200109Ia 4500
008 190216s9999||||xx |||||||||||||| ||und||
100 _aTharakan K M
245 0 _aSharath Chandran
260 _bKerala Sahithya Academy
650 _aOormakurip
942 _cBK
999 _c25364
_d25364